| 000 | 005020000a22001930004500 | ||
|---|---|---|---|
| 003 | LK-CoMWRAF | ||
| 008 | 230817t ||||| |||| 00| 0 eng d | ||
| 020 | _a0821329804 | ||
| 040 |
_aLK-CoMWRAF _dLK-CoMWRAF _eLK-CoMWRAF |
||
| 041 | _aeng | ||
| 082 |
_a330 _bHEI |
||
| 100 | _aGermain,Adrienne | ||
| 100 | _aHeise,L.Lori | ||
| 100 | _aPitanguy,Jacqueline | ||
| 245 |
_aViolence Against Women _bThe Hidden Health Burden |
||
| 260 |
_aWashington _bThe World Bank _c1994 |
||
| 300 | _ap.72 | ||
| 942 | _cBK | ||
| 999 |
_c556 _d556 |
||